000 00572nam a22002057a 4500
001 BD-DhSAU 389
003 BD-DhSAU
005 20141231012458.0
008 141231b2005 bg ||||| |||| 00| 0 eng d
040 _cBD-DhSAU
082 _222
_a633.18095492
_bDAR
100 _aDas, Tulsi
_d1944-
_eDoctor
245 _aRices in Bangladesh /
_cDr. Tulsi Das
260 _aMymensingh, Bangladesh :
_bSadin Graphics
_c2005
300 _av, 78p. :
_bill ;
_c24 cm.
504 _ainclude bibliographical references.
590 _ajoy
650 _aagronomy
650 _aRice
_zBangladesh
942 _2ddc
_cBOOK
999 _c389
_d389